Història económica de la España contemporánea / Joseph Harrison... ; traducción y revisión de Rafael Aracil...
Descripción Física:
262 p. ; 18 cm
Colección:
Vicens bolsillo ; 11
Otros Autores:
Aracil i Martí, Rafael
MARC
| LEADER | 00000nam a2200000Ia 4500 | ||
|---|---|---|---|
| 001 | 2246 | ||
| 008 | 160829s1985 xx 000 0 cat d | ||
| 080 | |a M-2-345 | ||
| 100 | |a Harrison, Joseph |9 37822 | ||
| 245 | |a Història económica de la España contemporánea / Joseph Harrison... ; traducción y revisión de Rafael Aracil... | ||
| 250 | |a 2a ed. | ||
| 260 | |a Barcelona : |b Vicens Vives, |c 1985 | ||
| 300 | |a 262 p. ; |c 18 cm | ||
| 490 | |a Vicens bolsillo ; 11 | ||
| 650 | |a Espanya |x Condicions econòmiques |x S. XVIII/XX |9 37823 | ||
| 700 | 1 | |a Aracil i Martí, Rafael |9 40122 | |
| 901 | |a Arxiu | ||
| 942 | |n 1 | ||
| 952 | |0 0 |1 0 |4 0 |6 M2345 |7 1 |9 48103 |a Arxiu |b Arxiu |d 2016-12-01 |l 0 |o M-2-345 |p 2246 |r 2016-12-01 00:00:00 |w 2016-12-01 |y ARXIU | ||
| 999 | |c 51906 |d 51906 | ||